| 000 | 00466nam a2200157Ia 4500 | ||
|---|---|---|---|
| 003 | SGT | ||
| 020 | _a8183182925 | ||
| 082 |
_a538 _bTAY |
||
| 100 | _aTayal,D.C | ||
| 245 | _aElectricity and mangnetism | ||
| 260 |
_bHimalaya Publishing House _aN.Delhi _c2005 |
||
| 300 | _a754p. | ||
| 650 | _aMAGNETISM | ||
| 653 | _aVECTORS,ELECTRIC CHARGES AND ELECTRONIC FIELD,ELECTRONIC POTENTIAL,CAPACITORS AND ELECTROMETERS,THERMO-ELECTRICITY,MAGNETO-STATICS | ||
| 942 |
_2ddc _cBK |
||
| 999 |
_c5372 _d5372 |
||